Journal of the Operational Research Society

Gespeichert in:
Bibliographische Detailangaben
Format: Schriftenreihe
Sprache:Englisch
Veröffentlicht: Birmingham Operational Research Society
Schlagworte:
Tags: Tag hinzufügen
Keine Tags, Fügen Sie das erste Tag hinzu!

MARC

LEADER 00000nas1a22000001 4500
001 s120856
005 20250701092107.5
022 |a 0160-5682 
022 |a 1476-9360 
041 0 |a eng 
044 |a US 
245 1 0 |a Journal of the Operational Research Society 
264 1 |a Birmingham  |b Operational Research Society 
610 2 0 |a výskum operačný